| 000 | 00471 a2200181 4500 | ||
|---|---|---|---|
| 005 | 20260427154535.0 | ||
| 008 | 260427b |||||||| |||| 00| 0 eng d | ||
| 020 | _a9781612341682 | ||
| 040 | _cSDCL | ||
| 041 |
_2eng _aeng |
||
| 084 | _aV2:51'L Q3 | ||
| 100 |
_aFaught, C. Brad _9985887 |
||
| 245 |
_aClive : _bFounder of British India |
||
| 260 |
_aVirginia : _bPotomac Books, _c2013. |
||
| 300 | _axvi, 115p. | ||
| 490 | _aMilitary profiles | ||
| 942 |
_cTEXL _2CC |
||
| 999 |
_c1848564 _d1848564 |
||